| 000 | 00896nam a22002177a 4500 | ||
|---|---|---|---|
| 999 |
_c63849 _d63849 |
||
| 005 | 20240530110702.0 | ||
| 008 | 171225s2015 ua a f b 000 0dara d | ||
| 017 |
_a2015/10859 _bمصر. دار الكتب |
||
| 020 | _a9789779103508 | ||
| 040 |
_aEG-CaGPL _cEG-CaGPL |
||
| 082 | 0 | 4 |
_221 _a821.0098962 _bق/م م |
| 245 | 0 | 0 |
_aمصر فى الشعر الانجليزى فى القرن 19 : _bقصائد لاربعين شاعرا / _cترجمها وقدم لها وكتب حواشيها محمد عنانى . |
| 250 | _aط.1 | ||
| 260 |
_aالقاهرة : _bالهيئة المصرية العامة للكتاب ، _c2015 . |
||
| 300 |
_a250 ص. ؛ _c24 سم. |
||
| 650 | 0 | 7 |
_2qrmak _aالشعر الانجليزى _xتاريخ ونقد _zمصر |
| 651 | _2qrmak | ||
| 700 | 0 |
_aمحمد عنانى _eمترجم ومقدم |
|
| 942 |
_2ddc _cBK |
||